|
|
แสดงรายละเอียดบรรณานุกรม |
|
|
Brief Record
: Get Marc (ISO 2709)
: E-mail record
: |
|
|
| LEADER 00000nama 2200000uu 4500 | |||
| 008 040531s|||| th m m a000 0 tha d | |||
| 020 9741105681 | |||
| 041 tha | |||
| 050 VCD000075 | |||
| 100 สมพร กันทรดุษฎี-เตรียมชัยศรี. | |||
| 245 การเยียวยาจิตประสาท ภูมิคุ้มกันวิทยา/สมพร กันทรดุษฎี-เตรียมชัยศรี. | |||
| 260 2551. ภาควิชาการพยาบาลสาธารณสุข,คณะสาธารณสุขศาสตร์,มหาวิทยาลัยมหิดล. กรุงเทพฯ. | |||
| 600 I.มหาวิทยาลัยมหิดล,คณะสาธารณสุขศาสตร์,ภาควิชาการวางแผนการพยาบาลสาธารณสุข. | |||
| 650 1.สมาธิ 2.สมาธิ--แง่การแพทย์ 3.จิตประสาทภูมิคุ้มกันวิทยา. | |||
| 995 200 | |||
| 999 ^aใช้งานได้ทุกระบบ | |||
| คุณยังไม่ได้ล็อกอิน คุณสามารถมีกิจกรรมร่วมกับเว็บไซต์ได้ แต่ต้องล็อกอินก่อน :: |
|
| สถานะ | |||||||||
| 1. | สื่อวีดิทัศน์ | VCD000075 | On Shelf ขอยืม | ||||||
| 2. | สื่อวีดิทัศน์ | VCD000075 ฉ.2 | On Shelf ขอยืม | ||||||
| 3. | สื่อวีดิทัศน์ | VCD000075 ฉ.3 | On Shelf ขอยืม | ||||||
| [แสดง 3/3 รายการ] | |||||||||
BibComment |
| คอมเมนท์ทรัพยากรรายการนี้ |
|
|